000 00690nam a2200241Ia 4500
003 OSt
005 20220918192013.0
006 a|||||r|||| 00| 0
007 ta
008 220917b |||||||| |||| 00| 0 eng d
024 _a66,480
037 _cTextual
040 _aARTS
_cARTS
_beng
041 _2eng
_aeng
082 _aR3xD20, L6
100 _aHarris R Baine ed
_978030
245 0 _aSignificance of Neoplatonism
260 _aNorfollo
_bOld Dominion Univ
_c1976
300 _ax,370p.
_ccm.
490 _aStudies in Neoplatonism : ancient and modern , ed by R Baine Harris; 1
942 _hR3xD20, L6
_cTEXL
_2CC
999 _c192713
_d192713